[Event "Norway Chess 2nd"]
[Site "Stavanger"]
[Date "2014.06.12"]
[Round "8"]
[White "Karjakin, Sergey"]
[Black "Kramnik, Vladimir"]
[Result "1-0"]
[WhiteElo "2771"]
[BlackElo "2783"]
[Annotator "Karjakin,Sergey"]
[PlyCount "143"]
[EventDate "2014.06.03"]
[EventType "tourn"]
[EventRounds "9"]
[EventCountry "NOR"]
[EventCategory "21"]
[SourceTitle "CBM 161"]
[Source "ChessBase"]
[SourceDate "2014.07.16"]
[SourceVersion "1"]
[SourceVersionDate "2014.07.16"]
[SourceQuality "1"]

{This game was played on the day after the rest day and I wanted to surprise my opponent in the opening. But - as usually happens - I was the one to be surprised. Diese Partie wurde nach dem Ruhetag gespielt und ich wollte meinen Gegner in der Eröffnung überraschen. Aber – wie es gewöhnlich passiert – am Ende wurde ich selbst überrascht.} 1. c4 e6 2. Nc3 d5 3. d4 Nf6 4. cxd5 exd5 5. Bg5 c6 6. e3 h6 7. Bh4 Be7 {Black has played a rare variation and somewhere about here I was floundering and having to improvise over the board. Schwarz hat eine seltene Variante gespielt und irgendwo hier war ich bereits im Schwimmen und musste am Brett improvisieren.} 8. Bd3 O-O 9. Qc2 Nh5 {This is quite a rare move. But the position has practically not yet been seen at the highest level. Das ist bereits ein ganz seltener Zug. Diese Stellung ist aber auf höchstem Niveau praktisch noch nicht anzutreffen gewesen.} 10. Bxe7 Qxe7 11. Nf3 {It was safer to develop the knight to e2 but I had the idea of bringing the bishop back to f1 and following up by long castling. Sicherer war es, den Springer nach e2 zu entwickeln, aber mir kam die Idee, den Läufer zurück nach f1 zu bringen und die lange Rochade folgen zu lassen.} ({RR} 11. Nge2 Nd7 12. g4 Nhf6 13. h3 b5 14. Ng3 Nb6 15. Nce2 Bd7 16. b3 Rac8 17. Qc5 Qxc5 18. dxc5 Na8 19. a4 b4 20. a5 Nc7 21. Kd2 Ne6 22. Rac1 Ng5 23. Nd4 Rfe8 24. f3 g6 25. h4 Ne6 {Grischuk,A (2745)-Andreikin,D (2729) Chess.com INT 2022 ½-½ (52)}) 11... Nf4 ({RR} 11... Nd7 12. O-O Nhf6 13. Rab1 Re8 14. b4 Ne4 15. b5 Nxc3 16. Qxc3 c5 17. dxc5 Nxc5 18. Rfc1 b6 19. Nd4 Qg5 20. Rb4 Bd7 21. Nf3 Qe7 22. Bb1 Rac8 23. Qc2 Ne4 24. Qb2 Rxc1+ 25. Qxc1 Qxb4 26. Bxe4 {Zielinski,M (1750)-Pietrucha,J (1823) Gora Swietej Anny POL 2026 0-1}) 12. Bf1 Nd7 $146 {The move is logical, but now the f4-knight no longer returns to h5. Der Zug ist logisch, aber jetzt kehrt der Springer f4 schon nicht mehr nach h5 zurück.} ({RR} 12... Ng6 13. h3 Nd7 14. O-O-O f5 15. Bd3 Nb6 16. Kb1 Be6 17. Qe2 Nc8 18. h4 Qf6 19. g3 Nd6 20. h5 Ne7 21. Qe1 Ne4 22. Ne2 b6 23. Ne5 c5 24. Nf4 Rfc8 25. f3 Ng5 26. Rg1 Nc6 27. Nxc6 {Gottschalk,S (2003)-Brunner,S (1852) Verden an der Aller 2020 1-0 (44)}) ({RR} 12... Ng6 13. h3 Nd7 14. O-O-O f5 15. Bd3 Nb6 16. Kb1 Be6 17. Qe2 Nc8 18. h4 Qf6 19. g3 Nd6 20. h5 Ne7 21. Qe1 Ne4 22. Ne2 b6 23. Ne5 c5 24. Nf4 Rfc8 25. f3 Ng5 26. Rg1 Nc6 27. Nxc6 {Gottschalk,S (2003)-Brunner,S (1852) Verden an der Aller 2020 1-0 (44)}) 13. O-O-O Ng6 ({The mistaken Das verfehlte} 13... Nh5 {allows erlaubt} 14. g4) 14. h4 Qf6 15. Bd3 Nb6 {At this point I had already used up a heap of thinking time and finally decided to simplify matters. Hier hatte ich schon eine Masse Bedenkzeit verbraucht und traf schließlich die Entscheidung, das Spiel zu vereinfachen.} 16. h5 ({The correct way was to maintain the tension with Richtig war, die Spannung mit} 16. Kb1 {White then retains some pressure. aufrechtzuerhalten. Weiß behält dann etwas Druckspiel.}) 16... Ne7 17. Rh4 Bf5 $1 {Everything would be splendid for White, if not for this move! Black manages to exchange bishops and immediately equalises. Alles wäre prächtig für Weiß, wenn dieser Zug nicht wäre! Schwarz kommt zum Läufertausch und gleicht unverzüglich aus.} 18. Bxf5 ({Zu nichts führt} 18. Rf4 {leads nowhere.} Bxd3 19. Qxd3 Qe6 20. g4 f6 $11) 18... Qxf5 19. Qxf5 Nxf5 20. Rf4 Nd6 $11 {If the Sofia rules had not been in force in this tournament, then we would soon have agreed on a draw. In the meantime this result appears the most likely... Wenn bei diesem Turnier nicht die Sofia-Regel gegolten hätte, dann wäre hier wohl bald der Remisschluss erfolgt. Einstweilen bleibt dieses Resultat aber am wahrscheinlichsten...} 21. Ne5 Rae8 22. Rh1 Re7 23. Kc2 Rfe8 24. b3 a5 25. a4 Na8 $1 {A good resource! Black transfers the knight to an active position. Eine gute Ressource! Schwarz überführt den Springer in eine aktive Position.} 26. Nd3 Nc7 27. Rg4 Na6 28. Rf4 Ne4 29. Kb2 {At this point I already had less than fifteen minutes on my clock and Black's wish to sharpen the play is understandable. But it is Black who has to go over to the defensive. In diesem Moment hatte ich schon weniger als fünfzehn Minuten auf der Uhr und der Wunsch von Schwarz, das Spiel zu verschärfen, ist verständlich. Aber Schwarz ist es, der zur Verteidigung übergehen muss.} Kh7 30. Nxe4 $1 {I am very satisfied with the way I handled the part of the game from here to the time control. Despite being short on time I managed to find some precise moves and force Black to move on to the defensive. Ich bin sehr zufrieden damit, wie ich den Abschnitt von hier an bis zur Zeitkontrolle behandelt habe. Ungeachtet meiner Zeitknappheit konnte ich einige genaue Züge finden und Schwarz zwingen, zur Verteidigung überzugehen.} dxe4 31. Ne5 Nb4 32. Rf5 c5 33. Rd1 {The ideal square for the rook! Das ideale Feld für den Turm!} cxd4 ({Schlecht ist} 33... Rd8 {is bad:} 34. Nc4 Nd3+ 35. Rxd3 $1 exd3 36. Rxc5 $16 {with total domination! mit völliger Dominanz!}) 34. exd4 Rd8 35. Nc4 Nd3+ 36. Kc3 g6 37. Rxa5 Nxf2 38. Re1 gxh5 {Taking the pawn is tempting, but he should advance his pawns. Den Bauern zu schlagen ist verlockend, aber er sollte seine Bauern vorrücken.} (38... f5 $1 {Although here White can also lay claim to a slight superiority, the game in this case would most likely have finished a draw. Obwohl Weiß auch hier ein geringes Übergewicht behauptet, wäre die Partie in diesem Falle am ehesten remis ausgegangen.}) 39. d5 $1 {White uses the time to push forward the d-pawn! Weiß nutzt die Zeit, um den d-Bauern vorzustoßen!} e3 $6 {Another tempting move, especially when both sides are in time trouble. But Black absolutely had to bring his knight back into the game. Wieder ein verlockender Zug, insbesondere in beiderseitiger Zeitnot. Aber Schwarz musste unbedingt seinen Springer zurück ins Spiel bringen.} ({For example Zum Beispiel} 39... Nd3 40. Rf1 Kg6 41. d6 Re6 42. Rb5 Rd7 43. Kd4 {is better for White, but the whole struggle lies ahead of him. ist besser für Weiß, aber der gesamte Kampf steht noch bevor.}) 40. Kc2 $1 {The last precise move before the time control. White attacks the e3-pawn! As a result of disdvantageous sharpening of the game, Black is now facing unpleasant tasks but my opponent did not manage to change his way of thinking in time. He did not sense the danger... Der letzte genaue Zug vor der Zeitkontrolle. Weiß greift den Bauern e3 an! Im Ergebnis unvorteilhafter Verschärfungen steht Schwarz vor unangenehmen Aufgaben, aber mein Gegner schaffte es nicht, sich rechtzeitig umzustellen. Er fühlte die Gefahr nicht...} Ng4 $2 (40... Ne4 41. Rxe3 f5 42. Rb5 $14 {was the best chance, but here too White has the pressure. war die beste Chance, aber auch hier drückt Weiß.}) 41. d6 Re6 $6 {The transition to passivity was his best chance. Der Übergang zur Passivität war die beste Chance.} (41... Red7 {But here too Black's position would have been highly unpleasant. Aber auch hier wäre die Lage von Schwarz höchst unangenehm gewesen.} 42. Rxh5 $14) 42. Ra7 $1 $18 {Simple and strong! Black can no longer hold the b7-pawn and White unexpectedly finds himself winning! Einfach und stark! Schwarz hält jetzt den Bauern b7 nicht und unerwartet steht Weiß einfach auf Gewinn!} Rf6 43. Re2 {Here it would have been possible to go in for a sharpening of the play. But White's desire to play more safely is understandable. Hier wäre es möglich gewesen, sich auf eine Verschärfung einzulassen. Aber der Wunsch von Weiß, etwas sicherer zu spielen, ist verständlich.} (43. Rxb7 $1 Rf2+ 44. Kc3 Rxg2 45. a5 h4 46. a6 Ra2 47. a7 h3 48. b4 h2 49. b5 $18) 43... b6 ({There was no saving grace with Keine Rettung bedeutete} 43... Rd7 {for example: zum Beispiel:} 44. a5 Rf2 45. Kd3 Rf4 46. a6 Rxc4 47. Kxc4 b5+ 48. Kxb5 Rxa7 49. Kb6 Rd7 50. a7 Rxd6+ 51. Kc7 Rd2 52. Re1 Ra2 53. Kb7 f5 54. a8=Q Rxa8 55. Kxa8 f4 56. b4 Ne5 57. b5 $18) 44. Rb7 Rdxd6 {Black has nothing better than conceding the exchange. But here of course White must win.  Schwarz hat nichts Besseres als die Qualität zu geben. Aber hier muss Weiß natürlich gewinnen.} 45. Nxd6 Rxd6 46. Rxf7+ Kg6 47. Rf1 Kg5 48. b4 h4 49. Kc3 $6 {This move does not give away the win but it does make it more complicated. Dieser Zug vergibt den Sieg nicht, aber er verkompliziert ihn gehörig!} (49. a5 bxa5 50. bxa5 Ra6 51. Ra1 Kf4 52. Kc3 {must be won for White. muss gewonnen für Weiß sein.}) 49... Nf2 $1 {An unexpected resource! Fortunately I was able to compose myself and find a forced way to the win.  Eine unerwartete Ressource! Zum Glück konnte ich mich sammeln und einen forcierten Gewinnweg finden.} 50. Rxe3 Nd1+ 51. Rxd1 Rxd1 52. Re5+ $1 {An important check! Ein wichtiges Schach!} Kg4 {Nor do other moves save him, for example: Auch andere Züge retteten nicht, zum Beispiel:} (52... Kg6 53. Re6+ Kg7 54. Rxb6 Rc1+ 55. Kb3 Rb1+ 56. Kc4 Rb2 57. Re6 Rxg2 58. Re3 $18) (52... Kf6 53. Rh5 $18) (52... Kf4 53. Re6 $18) 53. Re6 Rc1+ 54. Kb3 Kh5 55. Rxb6 {Here White is already totally winning. Although I now started making a few silly moves, I did not give away the win. There is simply too much leeway. Hier steht Weiß bereits total auf Gewinn. Obwohl ich jetzt anfing, ein paar komische Züge zu machen, vergab ich den Gewinn nicht mehr. Die Stellung hatte einfach zu viel Luft nach oben.} Rg1 56. a5 Rxg2 57. a6 ({Einfacher war} 57. Rb5+ {was simpler:} Kg4 58. a6 h3 59. a7 h2 60. a8=Q h1=Q 61. Qe4+ Kg3 62. Qg6+ Kf2 63. Rf5+ Ke1 64. Re5+ $18) 57... Rg3+ 58. Kc4 Rg4+ 59. Kd3 Rg8 60. Rb5+ Kg4 61. Ra5 h3 62. Ra2 Ra8 63. b5 h5 64. Ke3 Kg3 65. a7 h2 66. Rxh2 Kxh2 (66... Rxa7 67. Rxh5 $18 {and the black king is too far away. und der schwarze König ist zu weit weg.}) 67. b6 Kh3 (67... Kg2 68. b7 Rxa7 69. b8=Q Ra3+ {was slightly more resilient, but here too White must win. war etwas hartnäckiger, aber auch hier muss Weiß gewinnen.}) 68. b7 Rxa7 69. b8=Q Rg7 70. Qe5 Rg3+ 71. Kf2 h4 72. Qe4 {Black resigned! It was pleasing to defeat such a technically gifted player especially in the phase of the game which he is used to handling best of all! Schwarz gab auf! Es war angenehm, einen so technisch beschlagenen Spieler ausgerechnet in dem Stadium der Partie zu besiegen, das er am besten zu behandeln pflegt!} 1-0

[Event "Candidates final"]
[Site "El Escorial"]
[Date "1993.??.??"]
[Round "11"]
[White "Timman, Jan H"]
[Black "Short, Nigel D"]
[Result "1-0"]
[WhiteElo "2635"]
[BlackElo "2655"]
[Annotator "Ftacnik,Lubomir"]
[PlyCount "169"]
[EventDate "1993.01.??"]
[EventType "match"]
[EventRounds "13"]
[EventCountry "ESP"]
[SourceTitle "Candidates"]
[Source "ChessBase"]
[SourceDate "1999.07.01"]
[SourceVersion "2"]
[SourceVersionDate "1999.07.01"]
[SourceQuality "1"]

1. d4 d5 2. c4 e6 3. Nc3 Nf6 4. cxd5 exd5 5. Bg5 c6 6. Qc2 Be7 7. e3 Nbd7 8. Bd3 Nh5 9. Bxe7 Qxe7 10. Nge2 Nb6 11. O-O-O g6 12. Kb1 Ng7 13. Ng3 Bd7 14. Rc1 O-O-O (14... O-O $5) 15. Na4 Nxa4 (15... Kb8 16. Nc5 Bc8 17. b4 $40) 16. Qxa4 Kb8 17. Rc3 b6 $146 ({RR} 17... Be8 18. Rhc1 Ne6 19. Ra3 b6 20. Rac3 Rf8 21. Ne2 f6 22. Ka1 Rf7 23. Qc2 Qd6 24. g3 Re7 25. h4 Ng7 26. e4 Rc8 27. exd5 Qxd5 28. Nf4 Qd6 29. Be4 g5 30. hxg5 fxg5 31. Ne2 h6 32. f3 {Horton,J (2180)-Mueller,C (2272) Birmingham 2017 0-1 (48)}) ({RR} 17... Bc8 18. Ra3 a6 19. Rb3 Ka8 20. Rc1 Rd7 21. Ne2 Rc7 22. Qa5 Bf5 23. Bxf5 gxf5 24. Nc3 Ne6 25. g3 h5 26. h4 Rd8 27. Rb6 f4 28. gxf4 f5 29. Rh1 Rg8 30. Ka1 Qd8 31. a4 Rg2 32. f3 {Mirzoev,E (2478)-Anagnostopoulos,K (2326) Anogia 2019 ½-½ (34)}) 18. Ra3 (18. Ba6 $5 Ne6 19. Rhc1 Rhe8 20. Qb3 Qd6 21. Nf1 Ka8 $1 22. Nd2 Nc7 23. Bf1 Ne6 (23... Qxh2 24. Nf3 Qd6 25. Ne5 Rxe5 $1 26. dxe5 Qxe5 $13) 24. g3 Rc8 25. Bg2 Rc7 26. h4 Rd8 27. Nf3 Bc8 $6 28. Qa4 c5 $6 29. Ng5 Nxg5 30. hxg5 Bb7 31. dxc5 bxc5 32. Qf4 $1 $16 {Kasparov,G-Andersson,U/Reykjavik/1988/}) 18... Be8 19. Qc2 Rc8 20. Rc1 Bd7 21. Qd2 h5 (21... Rc7 $5) 22. Rb3 Ne6 23. Rbc3 h4 24. Ne2 Qd6 (24... h3 $5 25. g3 Ng5 26. Qe1 Nf3 27. Qh1 Qf6 28. Nf4 Bg4 $140 29. Be2) (24... Qg5) 25. h3 Rhd8 (25... Qh2 26. Rg1 Qd6 27. Rgc1) 26. Ng1 g5 (26... Qh2 27. f4 f6 28. Nf3 Qg3 $13) 27. Nf3 f6 28. R3c2 Ng7 29. Ka1 Bf5 30. Ne1 Kb7 31. Rc3 Bxd3 32. Nxd3 Nf5 33. Qc2 Ne7 34. Qa4 Ka8 35. a3 Qd7 36. Nb4 Kb7 37. Rb3 c5 $2 (37... Ka8 38. Nd3 Qc7) 38. Qxd7+ Rxd7 39. dxc5 d4 (39... Rxc5 $2 40. Rxc5 bxc5 41. Nxd5+ Kc6 42. Nxf6) 40. exd4 Rxd4 41. Nd3 Nd5 42. Kb1 Re8 $2 (42... a5 $1 43. a4) 43. cxb6 axb6 44. a4 Ka7 (44... Rxa4 $4 45. Nc5+) 45. a5 bxa5 46. Rc5 Nb4 47. Rxa5+ Kb6 48. Nxb4 Rxb4 (48... Kxa5 49. Nc6+ Ka4 50. Ra3+ Kb5 51. Nxd4+ $18) 49. Raa3 $1 (49. Rxb4+ Kxa5 50. Rb3 f5 $1 $10) 49... Re1+ 50. Kc2 Re2+ $2 (50... Kb5 $1 $14) 51. Kc1 Kb5 52. Rxb4+ Kxb4 53. Rf3 Re1+ 54. Kd2 Rg1 55. Ke2 $1 Kc4 (55... Rxg2 56. Kf1 Rh2 57. Kg1 $18) 56. Rxf6 Rxg2 57. Kf1 Rh2 58. Rf3 Rh1+ 59. Kg2 Rb1 60. Rf5 Rxb2 61. Kf3 $1 (61. Rxg5 $2 Rb3 62. Rg4+ Kd5 63. Rxh4 Ke5 $14) 61... Rb1 62. Rxg5 Rf1 63. Rf5 Rg1 64. Rh5 Rf1 (64... Kd4 65. Kf4 $16) (64... Rg8 65. Ke4 Re8+ 66. Re5 Rg8 67. f4 Rg3 68. f5 Rxh3 69. f6 Rh1 70. f7 Re1+ (70... h3 71. Rc5+ $1) 71. Kf5 Rf1+ 72. Ke6 h3 73. Re2 Kd3 74. Rh2 Rf3 75. Rxh3 $18) 65. Rxh4+ Kd5 66. Rf4 Ke5 67. Kg2 Ra1 68. Rf8 Ke6 69. h4 Ke7 70. Rf4 Ra8 71. Kh3 Rh8 72. Kg4 Rg8+ 73. Kh5 Ke6 (73... Rh8+ 74. Kg6 Rg8+ 75. Kh7) 74. Kh6 (74. f3 $5) 74... Ke5 75. Ra4 (75. Rf3 Rh8+ 76. Kg5 Rg8+ 77. Kh5 Rh8+) 75... Rg2 $2 (75... Kf6 $1 $10 76. Ra6+ (76. Rf4+ Ke5 77. Rf7 Ke6 78. Rf3 Rh8+ 79. Kg5 Rg8+ 80. Kh5 Rh8+ 81. Kg4 Rg8+ 82. Kh3 Rh8) 76... Kf7 (76... Kf5 77. h5 Rh8+ 78. Kg7 Rxh5 79. Ra5+ Kg4 80. f3+ Kh4 81. Rxh5+ Kxh5 82. Kf6 $18) 77. Ra3 Rg6+ $3 (77... Rb8 78. Kh7) (77... Rg2 78. Rf3+) (77... Rh8+ 78. Kg5 Rg8+ 79. Kf5 Rg2 80. Ra7+ Kg8 81. f4 $18) (77... Kf6 78. Rf3+ $18) 78. Kh5 Rf6 79. f3 Rf5+ 80. Kg4 Rb5 $10) 76. f3 Rg3 77. Re4+ Kf5 78. Re8 Rg6+ 79. Kh7 Rf6 80. Kg7 Rg6+ 81. Kh7 Rf6 82. Re7 $1 Ra6 (82... Kf4 83. Kg7) 83. Rf7+ Ke6 84. Kg7 Ra1 85. Rf6+ 1-0

[Event "American Continental 02nd"]
[Site "Buenos Aires"]
[Date "2003.08.22"]
[Round "5"]
[White "Goldin, Alexander"]
[Black "Vescovi, Giovanni P"]
[Result "1/2-1/2"]
[WhiteElo "2608"]
[BlackElo "2618"]
[Annotator "Wells,Peter K"]
[PlyCount "115"]
[EventDate "2003.08.17"]
[EventType "swiss"]
[EventRounds "11"]
[EventCountry "ARG"]
[SourceTitle "CBM 097"]
[Source "ChessBase"]
[SourceDate "2003.11.11"]
[SourceVersion "1"]
[SourceVersionDate "2003.11.11"]
[SourceQuality "1"]

1. d4 Nf6 2. c4 e6 3. Nc3 d5 4. cxd5 exd5 5. Bg5 c6 6. Qc2 Be7 7. e3 Nbd7 8. Bd3 Nh5 9. Bxe7 Qxe7 10. Nge2 g6 11. O-O-O Nb6 12. Ng3 Nxg3 13. hxg3 h5 ({RR} 13... Be6 14. Ne2 O-O-O 15. Nf4 Kb8 16. Kb1 Rc8 17. Rc1 h5 18. Qc5 Rhe8 19. Qxe7 Rxe7 20. Rc3 Rce8 21. Rhc1 Bc8 22. Bc2 Nc4 23. Rd1 Nd6 24. Rb3 Bf5 25. Bxf5 Nxf5 26. Nd3 Rh8 27. Nc5 h4 28. g4 {Recuero Guerra,J (2152)-Toktomushev,T (2266) chess.com INT 2024 1-0 (63)}) 14. Kb1 Be6 15. Rc1 Kf8 $146 ({RR} 15... O-O-O 16. Na4 Nxa4 17. Qxa4 Kb8 18. Rc3 Bc8 19. Ra3 a6 20. Rc1 Rd6 21. Rb3 Ka8 22. Qb4 Qc7 23. f3 f5 24. a4 Re8 25. Be2 Rde6 26. e4 fxe4 27. fxe4 Rxe4 28. Bf3 Re3 29. Rxe3 Rxe3 30. Bxd5 {Buckels,V (2100)-Behling,R (2114) Bad Gleichenberg 2014 0-1 (59)}) ({RR} 15... O-O-O 16. Na4 Nxa4 17. Qxa4 Kb8 18. Rc3 Rc8 19. Rhc1 h4 20. gxh4 Rxh4 21. Ra3 b5 22. Qc2 Rh2 23. Rc3 Qb7 24. g3 a6 25. Qe2 Qd7 26. Qf3 Kb7 27. b4 Bg4 28. Qf6 Qe6 29. Qxe6 Bxe6 30. R3c2 {Wahlbom,M (2291)-Pushkov,N (2345) Sibenik 2014 ½-½ (39)}) 16. Ne2 Kg7 17. Nf4 Qf6 18. f3 Rae8 19. Rce1 Bc8 20. Qf2 Qg5 21. Rh4 Nd7 22. g4 (22. e4 $5 {looks a plausible alternative since after} dxe4 23. fxe4 c5 {White can probably look to his f-file aspirations before his opponent can satisfactorily blockade the centre.} 24. Rf1 $5 Ref8 25. g4 $5 (25. e5 cxd4 26. e6 Ne5 27. Qxd4 Rd8 $13) 25... hxg4 26. Rxh8 g3 (26... Rxh8 $2 27. Ne6+ fxe6 28. Qf7+) 27. Rh5 $1 gxh5 28. Qe3 {looks quite dangerous for Black.}) 22... hxg4 23. Rxg4 Qh6 24. Nxg6 $5 {[%mdl 1024]} fxg6 25. Rxg6+ Qxg6 26. Bxg6 Kxg6 27. e4 dxe4 {Can Black keep the position closed? The answer would seem to be that he can, but only at a price of allowing White to use his king-side pawns to restrict his minor pieces, and indeed whether they might become dangerous little runners in their own right! Whether they will find secure squares will be the crux of the assessment in this case. After} (27... Nf6 $5 28. e5 Nh5 29. Qh4 $1 {[%csl Rf6][%cal Gg2g4,Gh4f6,Ge5e6] Black will have to relinquish control of the e6 square.} Ref8 30. e6 $1 Ng7 31. Qg3+ Kf6 {might not be so bad, but I'm not surprised it didn't appeal.}) 28. Qg3+ Kf7 29. Qf4+ Nf6 30. fxe4 Kg6 31. Rf1 Rhf8 32. e5 (32. Qg3+ Ng4 33. Qd6+ Kg7) 32... Ng4 $5 (32... Nh7 33. Qe4+ Kg7) 33. Qxf8 Rxf8 34. Rxf8 {and so to the topic of my next column.....!} Bf5+ 35. Kc1 c5 36. dxc5 Nxe5 37. Kd2 Nd7 38. Rc8 Be4 39. Ke3 Bc6 40. Kd4 Kf5 41. Rg8 Nf6 42. Rg7 Ng4 43. g3 Ne5 44. b4 a6 45. Kc3 Kf6 46. Rh7 Kf5 47. Kd4 Nf3+ 48. Ke3 Ne1 49. Rf7+ Ke5 50. Kd2 Nf3+ 51. Kc3 Ng5 52. Rg7 Ne4+ 53. Kd3 Kf6 54. Rg8 Kf7 55. Rh8 Nxg3 56. Kd4 Ke6 57. Rh6+ Kf5 58. Rh7 1/2-1/2